Tissue culture techniques : an introduction /

Bibliographic Details
Main Author: Martin, Bernice M. (Bernice Michaelene), 1948-
Format: Book
Language:English
Published: Boston : Birkhäuser, [1994]
Subjects:

MARC

Tag First Indicator Second Indicator Subfields
LEADER 00000cam a2200000 a 4500
001 in00004489757
005 20191202143924.0
008 940215s1994 maua b 001 0 eng
010 |a  94006357  
020 |a 0817637184 (hardcover : acid-free paper) 
020 |a 0817636439 (pbk. : acid-free paper) 
020 |a 3764337184 (hardcover : acid-free paper) 
020 |a 3764336439 (pbk. : acid-free paper) 
035 |a (OCoLC)29913214 
035 |9 AAG3450MS 
035 |z (UtOrBLW)20226 
035 |a 32843 
040 |a DLC  |c DLC  |d WQM  |d AGL  |d TMV  |d UtOrBLW 
049 |a TMVM  |c 1 
050 0 0 |a QH585.2  |b .M37 1994 
070 0 |a QH585.2.M37  |b 1994 
072 0 |a X300 
082 0 0 |a 574/.0724  |2 20 
096 |a QS 525  |b M379t 1994 
100 1 |a Martin, Bernice M.  |q (Bernice Michaelene),  |d 1948- 
245 1 0 |a Tissue culture techniques :  |b an introduction /  |c Bernice M. Martin. 
264 1 |a Boston :  |b Birkhäuser,  |c [1994] 
264 4 |c ©1994 
300 |a x, 247 pages :  |b illustrations ;  |c 25 cm. 
336 |a text  |2 rdacontent  |b txt 
337 |a unmediated  |2 rdamedia 
338 |a volume  |2 rdacarrier  |b nc 
504 |a Includes bibliographical references and index. 
505 0 |a Sterility -- Aseptic technique -- Sterilization methods -- Quality control of sterilization -- Routine cell culture -- Feeding schedules and media components -- Subcultivation -- Cell enumeration and cell viability -- Putting routine methods to work -- Detecting and disposing of contamination -- Troubleshooting -- Safety -- Experiments in culture -- Alterations of the media -- Substrata -- Altering the environment -- Primary cell culture -- Isolation -- Characterization -- Cell preservation -- Freezing the cells -- Thawing the cells. 
505 0 |a Cell cloning -- Isolation -- Assisting clonal survival -- Culture changes -- Loss of differentiated phenotype -- Immortality and aging -- Cell transformation -- Transfection (gene transfer) -- Information for new cell studies -- Searching in the literature -- Using advertising and catalogs -- References, bibliographies and databases -- Cell cycle -- Media and salt solutions -- Vendors. 
650 2 |a Tissue Culture. 
999 |a MARS 
999 f f |s 028fc5a9-667d-3fbb-bf50-f0e94ca97fd0  |i 956f6732-c128-3221-8c11-d408c041e327  |t 0 
952 f f |p ric  |a Texas A&M University  |b Rellis Campus  |c Joint Library Facility  |d Remote Storage  |t 0  |e QS 525 M379t 1994  |h National Library of Medicine classification  |i unmediated -- volume  |m 3238901079548 
998 f f |a QS 525 M379t 1994  |t 0  |l Remote Storage